[Event "Saratov 08"]
[Site "Saratov"]
[Date "2011.08.24"]
[Round "11"]
[White "Kahramanov, Bahtijar"]
[Black "Petryakova, Natalia"]
[Result "1/2-1/2"]
[WhiteElo "2041"]
[BlackElo "1722"]
[PlyCount "58"]
[EventDate "2011.08.14"]
[EventType "tourn"]
[EventRounds "11"]
[EventCountry "RUS"]
[SourceTitle "CBM 144 Extra"]
[Source "ChessBase"]
[SourceDate "2011.10.28"]
[SourceVersion "1"]
[SourceVersionDate "2011.10.28"]
[SourceQuality "1"]

1. e4 e5 2. Nf3 Nc6 3. Bc4 Nf6 4. d3 Bc5 5. Nc3 d6 6. h3 a6 7. 0-0 Be6 8. Bxe6 fxe6 9. Be3 Bxe3 10. fxe3 0-0 11. a4 Qe7 12. b3 Rad8 13. Kh2 d5 14. exd5 exd5 15. Qe2 Rfe8 16. e4 dxe4 17. Nxe4 Nxe4 18. dxe4 Nd4 19. Nxd4 Rxd4 20. Rad1 Red8 21. Rxd4 Rxd4 22. Rd1 Rxd1 23. Qxd1 c6 24. Qf3 Qf6 25. Qd3 Qf4+ 26. Kg1 Qc1+ 27. Kh2 Qf4+ 28. Qg3 Qf6 29. Qd3 Qf4+ 1/2-1/2

[Event "Saratov 08"]
[Site "Saratov"]
[Date "2011.08.14"]
[Round "1"]
[White "Dvoryadkin, Maksim"]
[Black "Kahramanov, Bahtijar"]
[Result "1/2-1/2"]
[WhiteElo "1918"]
[BlackElo "2041"]
[PlyCount "76"]
[EventDate "2011.08.14"]
[EventType "tourn"]
[EventRounds "11"]
[EventCountry "RUS"]
[SourceTitle "CBM 144 Extra"]
[Source "ChessBase"]
[SourceDate "2011.10.28"]
[SourceVersion "1"]
[SourceVersionDate "2011.10.28"]
[SourceQuality "1"]

1. d4 c5 2. d5 g6 3. c4 Bg7 4. Nc3 Nf6 5. e4 d6 6. f3 0-0 7. Bg5 e6 8. Qd2 exd5 9. Nxd5 Be6 10. 0-0-0 Bxd5 11. exd5 Re8 12. h4 Nbd7 13. h5 b5 14. hxg6 hxg6 15. cxb5 Qb6 16. Kb1 a6 17. g4 Re5 18. Bh6 Rxd5 19. Qc1 Rxd1 20. Qxd1 Bh8 21. g5 Ne8 22. f4 axb5 23. f5 Qa5 24. a3 Bxb2 25. fxg6 Qxa3 26. gxf7+ Kxf7 27. Qf3+ Qxf3 28. Nxf3 Be5 29. Rg1 Ng7 30. g6+ Kg8 31. Nxe5 Nxe5 32. Bg2 Ra7 33. Bd5+ Kf8 34. Rf1+ Ke8 35. Rf6 Rd7 36. Bxg7 Rxg7 37. Rxd6 Re7 38. Rb6 Nxg6 1/2-1/2

[Event "Saratov op"]
[Site "Saratov"]
[Date "2011.08.04"]
[Round "6"]
[White "Kahramanov, Bahtijar"]
[Black "Fedukin, Alexandre"]
[Result "0-1"]
[WhiteElo "2041"]
[BlackElo "1880"]
[PlyCount "128"]
[EventDate "2011.07.28"]
[EventType "swiss"]
[EventRounds "9"]
[EventCountry "RUS"]
[SourceTitle "EXT 2012"]
[Source "ChessBase"]
[SourceDate "2011.11.24"]
[SourceVersion "1"]
[SourceVersionDate "2011.11.24"]
[SourceQuality "1"]

1. e4 e6 2. d4 d5 3. Nc3 dxe4 4. Nxe4 Nd7 5. Bd3 Ndf6 6. Nf3 Nxe4 7. Bxe4 c5 8. 0-0 Nf6 9. Bg5 h6 10. Bxf6 Qxf6 11. Qd3 a6 12. Qb3 Qe7 13. d5 Qc7 14. dxe6 Bxe6 15. Qxb7 Qxb7 16. Bxb7 Rb8 17. Bxa6 Rxb2 18. c4 g5 19. Bb5+ Ke7 20. a4 Bg7 21. Rab1 Ra2 22. Rfe1 Rd8 23. Rbd1 g4 24. Rxd8 Kxd8 25. Rd1+ Kc7 26. Nd2 Bd4 27. a5 Rxa5 28. Nb3 Ra2 29. Nxd4 cxd4 30. Kf1 d3 31. Rxd3 Ra1+ 32. Ke2 Rh1 33. h3 gxh3 34. gxh3 Bxh3 35. Ra3 Kd6 36. Ra7 Be6 37. Kf3 h5 38. Kg2 Rc1 39. Kh2 h4 40. Ra8 Rc2 41. Kg2 h3+ 42. Kg3 Ke5 43. Rh8 Rc1 44. Rh5+ Kd4 45. Kh2 Ke4 46. Bc6+ Kf4 47. Bd5 Bg4 48. Rh4 f5 49. Rxh3 Bxh3 50. Kxh3 Rc3+ 51. Kg2 Kg4 52. Be6 Kg5 53. Bg8 f4 54. Bd5 Kf5 55. Kh2 Kg4 56. Kg2 f3+ 57. Kh2 Rc1 58. c5 Rxc5 59. Be4 Kf4 60. Bb7 Rc1 61. Ba6 Rc6 62. Bb5 Rh6+ 63. Kg1 Rg6+ 64. Kf1 Rb6 0-1

[Event "Saratov op"]
[Site "Saratov"]
[Date "2011.07.28"]
[Round "1"]
[White "Nurdinov, Iliya"]
[Black "Kahramanov, Bahtijar"]
[Result "1/2-1/2"]
[WhiteElo "1802"]
[BlackElo "2041"]
[PlyCount "138"]
[EventDate "2011.07.28"]
[EventType "swiss"]
[EventRounds "9"]
[EventCountry "RUS"]
[SourceTitle "EXT 2012"]
[Source "ChessBase"]
[SourceDate "2011.11.24"]
[SourceVersion "1"]
[SourceVersionDate "2011.11.24"]
[SourceQuality "1"]

1. d4 d5 2. Nc3 Nf6 3. Bg5 Bf5 4. Bxf6 exf6 5. e3 Be7 6. Bd3 Bxd3 7. Qxd3 c6 8. Nge2 Na6 9. a3 0-0 10. 0-0 g6 11. e4 dxe4 12. Nxe4 f5 13. Nd2 Bf6 14. Nf3 Re8 15. Rfe1 Qb6 16. b4 Rad8 17. c3 Nc7 18. Rad1 a5 19. Nc1 axb4 20. axb4 Nd5 21. Qd2 Qc7 22. c4 Rxe1+ 23. Rxe1 Nf4 24. g3 Ne6 25. Nb3 f4 26. Kg2 b5 27. Qc2 Qd6 28. cxb5 cxb5 29. Qd2 Qd5 30. Qd3 Ra8 31. Qe4 Qxe4 32. Rxe4 fxg3 33. hxg3 Rd8 34. Ne5 Rd6 35. Nc5 Rxd4 36. Ned7 Bg7 37. Rxd4 Bxd4 38. Nxe6 fxe6 39. Nb8 Bc3 40. Nc6 Kf7 41. Na7 Bxb4 42. Nxb5 Kf6 43. Kf3 Ke5 44. Kg4 h6 45. f4+ Kf6 46. Nd4 Bc3 47. Nc2 Ke7 48. Kf3 Kd6 49. Ke4 h5 50. Kd3 Ba5 51. Ke4 Bb6 52. Nb4 Bf2 53. Kf3 Bb6 54. Ke4 Bd8 55. Nd3 Bf6 56. Nf2 h4 57. gxh4 Bxh4 58. Nd3 Bf6 59. Nf2 Ke7 60. Ng4 Bc3 61. Kd3 Bb2 62. Ke4 Bc3 63. Kd3 Bb4 64. Ke4 Bd6 65. Kf3 Kd7 66. Ke4 Kc6 67. Ne5+ Bxe5 68. Kxe5 Kd7 69. Kf6 Kd6 1/2-1/2

[Event "Saratov Spring Cup"]
[Site "Saratov"]
[Date "2011.03.17"]
[Round "4"]
[White "Kahramanov, Bahtijar"]
[Black "Kvitka, Roman"]
[Result "1-0"]
[WhiteElo "2022"]
[BlackElo "2038"]
[PlyCount "59"]
[EventDate "2011.03.14"]
[EventType "tourn"]
[EventRounds "10"]
[EventCountry "RUS"]
[SourceTitle "EXT 2013"]
[Source "ChessBase"]
[SourceDate "2012.11.22"]
[SourceVersion "1"]
[SourceVersionDate "2012.11.22"]
[SourceQuality "1"]

1. e4 c5 2. Nf3 d6 3. d4 cxd4 4. Nxd4 Nf6 5. Nc3 a6 6. h3 e6 7. g4 h6 8. Bg2 Nbd7 9. 0-0 Be7 10. f4 Qc7 11. Re1 Nb6 12. a4 Nfd7 13. a5 Nc4 14. b3 Nxa5 15. Nd5 exd5 16. exd5 Ne5 17. fxe5 dxe5 18. Bd2 exd4 19. Bxa5 Qc5 20. b4 Qd6 21. Qe2 d3 22. Qe3 d2 23. Re2 Kf8 24. c4 Bd7 25. c5 Qf6 26. Rd1 Re8 27. Qxd2 Bb5 28. Rf2 Qg5 29. d6 Bf6 30. d7 1-0

[Event "Saratov Rating RSOCF"]
[Site "Saratov"]
[Date "2011.02.02"]
[Round "9.5"]
[White "Petryakova, Natalia"]
[Black "Kahramanov, Bahtijar"]
[Result "0-1"]
[WhiteElo "1748"]
[BlackElo "1998"]
[PlyCount "122"]
[EventDate "2011.01.24"]
[EventType "tourn"]
[EventRounds "11"]
[EventCountry "RUS"]
[SourceTitle "EXT 2022"]
[Source "ChessBase"]
[SourceDate "2021.10.06"]
[SourceVersion "1"]
[SourceVersionDate "2021.10.06"]
[SourceQuality "1"]

1. e4 c5 2. Nc3 a6 3. a4 Nc6 4. f4 g6 5. Nf3 Bg7 6. Bc4 e6 7. d3 Nge7 8. 0-0 0-0 9. Qe1 d5 10. Bb3 Nd4 11. Nxd4 cxd4 12. Ne2 dxe4 13. dxe4 Nc6 14. Qg3 Qa5 15. Rd1 Qc5 16. Kh1 Qh5 17. Qf2 e5 18. Bd2 exf4 19. Bxf4 Bg4 20. Ng3 Qa5 21. Re1 Rad8 22. h3 Be6 23. Bxe6 fxe6 24. Qd2 Qxd2 25. Bxd2 Be5 26. Ne2 d3 27. cxd3 Rxd3 28. Bc3 Bxc3 29. Nxc3 Rd2 30. Re2 Rxe2 31. Nxe2 Rf2 32. Re1 Nb4 33. Kg1 Nd3 34. g4 Nxe1 35. Kxf2 Nd3+ 36. Ke3 Nxb2 37. Nc3 e5 38. h4 Kf7 39. g5 Nc4+ 40. Kd3 Nb6 41. a5 Nd7 42. Kc4 Ke6 43. Na4 Kd6 44. Nc3 b5+ 45. axb6 Nxb6+ 46. Kb4 Kc6 47. Ka5 Nc4+ 48. Kxa6 Nd2 49. Ka5 Kc5 50. Ka4 Kd4 51. Nd5 Nxe4 52. Nf6 Nc3+ 53. Kb3 e4 54. Nxh7 Kd3 55. Nf8 e3 56. Nxg6 Nd5 57. Ne5+ Ke4 58. Nc4 e2 59. Nd2+ Ke3 60. Nc4+ Kf2 61. Nb2 Nf4 0-1

[Event "Saratov Rating RSOCF"]
[Site "Saratov"]
[Date "2011.01.30"]
[Round "6.4"]
[White "Kahramanov, Bahtijar"]
[Black "Fedukin, Alexandre"]
[Result "1-0"]
[WhiteElo "1998"]
[BlackElo "1903"]
[PlyCount "95"]
[EventDate "2011.01.24"]
[EventType "tourn"]
[EventRounds "11"]
[EventCountry "RUS"]
[SourceTitle "EXT 2022"]
[Source "ChessBase"]
[SourceDate "2021.10.06"]
[SourceVersion "1"]
[SourceVersionDate "2021.10.06"]
[SourceQuality "1"]

1. e4 e6 2. d4 d5 3. Nc3 dxe4 4. Nxe4 Nd7 5. Bd3 Ndf6 6. Bg5 Be7 7. Bxf6 Nxf6 8. Nf3 0-0 9. Qe2 Nd5 10. 0-0-0 Nf4 11. Qd2 Nxd3+ 12. Qxd3 b6 13. h4 f5 14. Nc3 Bf6 15. Rhe1 Bxh4 16. d5 exd5 17. Nxh4 c6 18. Nf3 f4 19. Re5 Bg4 20. Rde1 Bxf3 21. Qxf3 Rc8 22. Re7 Rc7 23. Qe2 Rxe7 24. Qxe7 a5 25. Qe6+ Kh8 26. Qxc6 d4 27. Nd5 h6 28. Nxf4 Qg5 29. g3 Rf6 30. Re8+ Kh7 31. Qe4+ Qf5 32. Qxf5+ Rxf5 33. Rd8 g5 34. Nd3 h5 35. Rxd4 b5 36. Re4 Kg6 37. Kd2 Kf6 38. f4 g4 39. Re5 Rxe5 40. fxe5+ Kg5 41. Ke3 Kf5 42. c3 a4 43. a3 Kg5 44. Ke4 h4 45. gxh4+ Kxh4 46. e6 g3 47. Nf4 b4 48. cxb4 1-0

[Event "Saratov-ch SUSE"]
[Site "Saratov"]
[Date "2010.12.18"]
[Round "9"]
[White "Nikolaev, Alexander"]
[Black "Kahramanov, Bahtijar"]
[Result "1-0"]
[WhiteElo "2180"]
[BlackElo "2001"]
[PlyCount "81"]
[EventDate "2010.12.10"]
[EventType "swiss"]
[EventRounds "9"]
[EventCountry "RUS"]
[SourceTitle "EXT 2013"]
[Source "ChessBase"]
[SourceDate "2012.11.22"]
[SourceVersion "1"]
[SourceVersionDate "2012.11.22"]
[SourceQuality "1"]

1. d4 d5 2. c4 c6 3. Nc3 Nf6 4. e3 e6 5. Nf3 Nbd7 6. Qc2 Bd6 7. Bd3 0-0 8. 0-0 e5 9. cxd5 cxd5 10. Nb5 Bb8 11. dxe5 Nxe5 12. Be2 Nxf3+ 13. Bxf3 Bg4 14. Nd4 Qd6 15. g3 Bxf3 16. Nxf3 Qe6 17. b3 Qe4 18. Qe2 Rc8 19. Ba3 a6 20. Rac1 Ba7 21. Bb2 Ng4 22. Nd2 Qe6 23. h3 Nxe3 24. Rfe1 Rxc1 25. Bxc1 Nf5 26. Qd1 Qg6 27. g4 h5 28. Nf1 Rd8 29. Re5 hxg4 30. hxg4 Nh6 31. g5 d4 32. Qf3 d3 33. Bd2 Rd4 34. Ng3 Ng4 35. Re8+ Kh7 36. Qh1+ Nh6 37. gxh6 gxh6 38. Bxh6 Qxg3+ 39. fxg3 Rh4+ 40. Be3 Rxh1+ 41. Kxh1 1-0

[Event "Saratov-ch SUSE"]
[Site "Saratov"]
[Date "2010.12.15"]
[Round "6"]
[White "Bolychevsky, Alexander"]
[Black "Kahramanov, Bahtijar"]
[Result "0-1"]
[WhiteElo "1824"]
[BlackElo "2001"]
[PlyCount "78"]
[EventDate "2010.12.10"]
[EventType "swiss"]
[EventRounds "9"]
[EventCountry "RUS"]
[SourceTitle "EXT 2013"]
[Source "ChessBase"]
[SourceDate "2012.11.22"]
[SourceVersion "1"]
[SourceVersionDate "2012.11.22"]
[SourceQuality "1"]

1. e4 c5 2. Nf3 a6 3. d4 cxd4 4. Nxd4 Nf6 5. Nc3 e5 6. Nf3 Bb4 7. Bd2 0-0 8. Bd3 d5 9. Nxd5 Nxd5 10. exd5 Bxd2+ 11. Nxd2 Qxd5 12. 0-0 Nc6 13. Re1 h6 14. Qh5 Qd4 15. Rab1 Qg4 16. Qxg4 Bxg4 17. Nc4 f6 18. Nd6 Rab8 19. Be4 Nd8 20. Bd5+ Be6 21. Red1 Bxd5 22. Rxd5 Ne6 23. Rbd1 Rfd8 24. a4 b6 25. Kf1 Kf8 26. c3 h5 27. g3 g6 28. Ke2 Ke7 29. Ke3 Ng7 30. Ke4 Ke6 31. Ke3 Nf5+ 32. Nxf5 Rxd5 33. Rxd5 Kxd5 34. Ne7+ Ke6 35. Nxg6 Rd8 36. f4 Rd1 37. b3 Rh1 38. h4 Re1+ 39. Kd2 Rg1 0-1

[Event "Saratov-ch SUSE"]
[Site "Saratov"]
[Date "2010.12.14"]
[Round "5"]
[White "Kahramanov, Bahtijar"]
[Black "Zhestkov, Igor"]
[Result "1/2-1/2"]
[WhiteElo "2001"]
[BlackElo "1892"]
[PlyCount "52"]
[EventDate "2010.12.10"]
[EventType "swiss"]
[EventRounds "9"]
[EventCountry "RUS"]
[SourceTitle "EXT 2013"]
[Source "ChessBase"]
[SourceDate "2012.11.22"]
[SourceVersion "1"]
[SourceVersionDate "2012.11.22"]
[SourceQuality "1"]

1. e4 e5 2. Nf3 Nf6 3. Nxe5 d6 4. Nf3 Nxe4 5. Nc3 Nxc3 6. dxc3 Be7 7. Be3 Nc6 8. Qd2 Be6 9. Bd3 Qd7 10. 0-0-0 0-0-0 11. Kb1 Kb8 12. Rhe1 Rhe8 13. Ng5 Bxg5 14. Bxg5 f6 15. Be3 Ne5 16. Be2 Ng4 17. Bxg4 Bxg4 18. f3 Bf5 19. Qd4 b6 20. Qh4 h6 21. Bd2 Rxe1 22. Rxe1 Re8 23. Rxe8+ Qxe8 24. Qf2 Bc8 25. g4 Bb7 26. h4 Qc6 1/2-1/2

[Event "Saratov RSOCF 10"]
[Site "Saratov"]
[Date "2010.10.19"]
[Round "8.6"]
[White "Kvitka, Roman"]
[Black "Kahramanov, Bahtijar"]
[Result "0-1"]
[WhiteElo "2024"]
[BlackElo "1999"]
[PlyCount "56"]
[EventDate "2010.10.11"]
[EventType "tourn"]
[EventRounds "11"]
[EventCountry "RUS"]
[SourceTitle "EXT 2023"]
[Source "ChessBase"]
[SourceDate "2022.10.05"]
[SourceVersion "1"]
[SourceVersionDate "2022.10.05"]
[SourceQuality "1"]

1. d4 Nf6 2. c4 g6 3. Nc3 d5 4. cxd5 Nxd5 5. e4 Nxc3 6. bxc3 c5 7. Nf3 Bg7 8. Be3 0-0 9. Be2 Qa5 10. Qd2 Nc6 11. Rd1 Bg4 12. 0-0 Rac8 13. Qb2 b6 14. h3 Bxf3 15. Bxf3 cxd4 16. cxd4 e5 17. d5 Nd4 18. Bxd4 exd4 19. Bg4 Rc3 20. Bd7 Ra3 21. Qb5 Qc3 22. Qc6 Rxa2 23. Rc1 Qd2 24. Qc7 d3 25. e5 Rc2 26. Rxc2 dxc2 27. e6 fxe6 28. dxe6 Rxf2 0-1

[Event "Saratov RSOCF 10"]
[Site "Saratov"]
[Date "2010.10.18"]
[Round "7.2"]
[White "Kahramanov, Bahtijar"]
[Black "Nikolaev, Alexander"]
[Result "0-1"]
[WhiteElo "1999"]
[BlackElo "2152"]
[PlyCount "92"]
[EventDate "2010.10.11"]
[EventType "tourn"]
[EventRounds "11"]
[EventCountry "RUS"]
[SourceTitle "EXT 2023"]
[Source "ChessBase"]
[SourceDate "2022.10.05"]
[SourceVersion "1"]
[SourceVersionDate "2022.10.05"]
[SourceQuality "1"]

1. e4 e6 2. d4 d5 3. Nc3 Bb4 4. e5 c5 5. a3 Bxc3+ 6. bxc3 Ne7 7. Qg4 Qc7 8. Qxg7 Rg8 9. Qxh7 cxd4 10. Ne2 Nbc6 11. f4 Bd7 12. Qd3 dxc3 13. h4 0-0-0 14. h5 Nf5 15. Rg1 Nh6 16. g3 Ng4 17. Bh3 f5 18. exf6 Nxf6 19. g4 e5 20. f5 d4 21. h6 Qa5 22. g5 e4 23. Qc4 Bxf5 24. gxf6 Rxg1+ 25. Nxg1 Qe5 26. Qf1 Bxh3 27. Qxh3+ Kb8 28. Qh4 Ka8 29. Bf4 Qf5 30. Qg5 Qe6 31. h7 Qf7 32. Qg7 Qh5 33. Rb1 b6 34. Qc7 Qd5 35. a4 d3 36. Rb5 Qc4 37. Kf2 d2 38. h8Q Rxh8 39. Rh5 Re8 40. Rh7 Rb8 41. Rd7 e3+ 42. Bxe3 Qh4+ 43. Kg2 Qxf6 44. Rd6 Rg8+ 45. Kh3 Qf5+ 46. Kh2 Qe5+ 0-1

[Event "Saratov RSOCF 10"]
[Site "Saratov"]
[Date "2010.10.12"]
[Round "2.3"]
[White "Dvoryadkin, Maksim"]
[Black "Kahramanov, Bahtijar"]
[Result "0-1"]
[WhiteElo "1898"]
[BlackElo "1999"]
[PlyCount "32"]
[EventDate "2010.10.11"]
[EventType "tourn"]
[EventRounds "11"]
[EventCountry "RUS"]
[SourceTitle "EXT 2023"]
[Source "ChessBase"]
[SourceDate "2022.10.05"]
[SourceVersion "1"]
[SourceVersionDate "2022.10.05"]
[SourceQuality "1"]

1. d4 Nf6 2. c4 e6 3. Nc3 Bb4 4. f3 c5 5. e3 0-0 6. Bd3 Nc6 7. Nge2 cxd4 8. exd4 d5 9. 0-0 dxc4 10. Bxc4 Qb6 11. Be3 Rd8 12. Qc1 e5 13. dxe5 Bc5 14. Kf2 Nxe5 15. b3 Bxe3+ 16. Qxe3 Neg4+ 0-1

[Event "Saratov"]
[Site "Saratov"]
[Date "2010.06.21"]
[Round "13"]
[White "Eramian, Gamlet"]
[Black "Kahramanov, Bahtijar"]
[Result "1/2-1/2"]
[WhiteElo "2023"]
[BlackElo "1982"]
[PlyCount "110"]
[EventDate "2010.06.12"]
[EventType "tourn"]
[EventRounds "13"]
[EventCountry "RUS"]
[SourceTitle "CBM 137 Extra"]
[Source "ChessBase"]
[SourceDate "2010.09.01"]
[SourceVersion "1"]
[SourceVersionDate "2010.09.01"]
[SourceQuality "1"]

1. d4 Nf6 2. Nf3 c5 3. c4 cxd4 4. Nxd4 e5 5. Nb5 d5 6. g3 a6 7. N5a3 Bb4+ 8. Bd2 Bc5 9. Bg2 d4 10. 0-0 0-0 11. b4 Be7 12. c5 a5 13. Nc4 axb4 14. Bxb4 Qc7 15. Nba3 Nc6 16. Nb5 Qb8 17. a3 Nd7 18. Nbd6 Qa7 19. Nb6 Nxb6 20. cxb6 Qxb6 21. Nxc8 Raxc8 22. Bxe7 Nxe7 23. Rb1 Qa5 24. Rxb7 Nd5 25. Bxd5 Qxd5 26. Qb3 Qe4 27. Qb5 Qc6 28. a4 Qxb5 29. Rxb5 f6 30. a5 Ra8 31. Rc1 Rf7 32. Rd5 Re7 33. e3 dxe3 34. fxe3 Kf7 35. e4 Ra6 36. Kg2 Ke6 37. Rcc5 Rd7 38. Rb5 Rxd5 39. exd5+ Kf5 40. Kf3 h5 41. h3 g6 42. Rc5 Rd6 43. g4+ hxg4+ 44. hxg4+ Kg5 45. Ke4 Ra6 46. Rb5 Kxg4 47. Rb6 Rxa5 48. Rxf6 g5 49. d6 Ra8 50. d7 Kg3 51. Rd6 Rd8 52. Rd3+ Kh4 53. Kxe5 g4 54. Kf4 Rf8+ 55. Ke4 Rd8 1/2-1/2

[Event "Saratov RCT"]
[Site "Saratov"]
[Date "2009.10.16"]
[Round "11"]
[White "Alimov, Ravil"]
[Black "Kahramanov, Bahtijar"]
[Result "1-0"]
[WhiteElo "1830"]
[BlackElo "2006"]
[PlyCount "108"]
[EventDate "2009.10.05"]
[EventType "tourn"]
[EventRounds "13"]
[EventCountry "RUS"]
[SourceTitle "EXT 2012"]
[Source "ChessBase"]
[SourceDate "2011.11.24"]
[SourceVersion "1"]
[SourceVersionDate "2011.11.24"]
[SourceQuality "1"]

1. e4 c5 2. Nf3 a6 3. g3 d6 4. Bg2 e5 5. d3 g6 6. 0-0 Bg7 7. Be3 Ne7 8. Qd2 0-0 9. Bh6 Nbc6 10. Bxg7 Kxg7 11. Re1 b5 12. c3 Qc7 13. d4 Bb7 14. h4 f6 15. Na3 Rfd8 16. d5 Nb8 17. Nc2 Bc8 18. Nh2 h5 19. Rf1 Nd7 20. Ne3 Rf8 21. g4 hxg4 22. Nexg4 Rh8 23. f4 c4 24. Kh1 exf4 25. Rxf4 Ng8 26. Raf1 Bb7 27. Qf2 Rf8 28. Qg3 Bc8 29. Bh3 Qd8 30. Nf3 Nc5 31. Nd4 Nd3 32. R4f3 Qe8 33. Ne6+ Bxe6 34. dxe6 Nc5 35. Qxd6 Nxe6 36. e5 f5 37. Nh2 Rxh4 38. Kg2 Ng5 39. Rd1 Nxh3 40. Rxh3 Rxh3 41. Kxh3 Ne7 42. e6 Rh8+ 43. Kg2 Qc6+ 44. Kg1 Qxd6 45. Rxd6 Ra8 46. Nf3 Kf6 47. Kf2 Nc8 48. Rc6 Ne7 49. Rd6 g5 50. Kg3 Ra7 51. Nd4 Ra8 52. Nf3 Nc8 53. Rc6 Na7 54. Rxa6 g4 1-0

[Event "Saratov RCT"]
[Site "Saratov"]
[Date "2009.10.09"]
[Round "5"]
[White "Kahramanov, Bahtijar"]
[Black "Palin, Denis"]
[Result "1/2-1/2"]
[WhiteElo "2006"]
[BlackElo "1924"]
[PlyCount "89"]
[EventDate "2009.10.05"]
[EventType "tourn"]
[EventRounds "13"]
[EventCountry "RUS"]
[SourceTitle "EXT 2012"]
[Source "ChessBase"]
[SourceDate "2011.11.24"]
[SourceVersion "1"]
[SourceVersionDate "2011.11.24"]
[SourceQuality "1"]

1. e4 Nc6 2. Nf3 d6 3. d4 e5 4. dxe5 Nxe5 5. Nxe5 dxe5 6. Qxd8+ Kxd8 7. Bc4 f6 8. Be3 c6 9. Nc3 Bb4 10. 0-0-0+ Kc7 11. Rd3 Ne7 12. Rhd1 Ng6 13. a3 Be7 14. f3 Nf8 15. f4 Ne6 16. Bxe6 Bxe6 17. f5 Bc8 18. Bf2 g6 19. g4 h5 20. h3 hxg4 21. hxg4 g5 22. Bg3 Rh7 23. Ne2 b5 24. Kb1 a5 25. Nc1 a4 26. Bf2 Bf8 27. Rd8 Bb7 28. Rxa8 Bxa8 29. Nd3 Rh3 30. Bc5 Rxd3 31. cxd3 Bxc5 32. Rh1 Be7 33. Rh7 Kd7 34. Rh8 Bb7 35. Kc2 c5 36. Rh7 Bc6 37. Kc3 Ke8 38. Rh8+ Kf7 39. Rh7+ Ke8 40. Rh8+ Kd7 41. Rh7 Bb7 42. Kd2 Kd6 43. Kc3 Kd7 44. Kc2 Bc6 45. Kc3 1/2-1/2

[Event "Saratov RCT"]
[Site "Saratov"]
[Date "2009.10.06"]
[Round "2"]
[White "Eramian, Gamlet"]
[Black "Kahramanov, Bahtijar"]
[Result "1/2-1/2"]
[WhiteElo "1969"]
[BlackElo "2006"]
[PlyCount "75"]
[EventDate "2009.10.05"]
[EventType "tourn"]
[EventRounds "13"]
[EventCountry "RUS"]
[SourceTitle "EXT 2012"]
[Source "ChessBase"]
[SourceDate "2011.11.24"]
[SourceVersion "1"]
[SourceVersionDate "2011.11.24"]
[SourceQuality "1"]

1. d4 Nf6 2. c4 g6 3. Nf3 Bg7 4. g3 0-0 5. Bg2 d5 6. cxd5 Nxd5 7. Nc3 Nxc3 8. bxc3 c5 9. 0-0 Nc6 10. e3 Bg4 11. h3 Be6 12. Nd2 Qd7 13. Ne4 cxd4 14. Nc5 Qc8 15. Nxe6 Qxe6 16. cxd4 Rfd8 17. Ba3 Qd7 18. Rb1 Rac8 19. Qe2 Na5 20. Rfd1 b6 21. Bb4 Nc4 22. Rdc1 Nd6 23. Bxd6 Qxd6 24. Qa6 Rc7 25. Rxc7 Qxc7 26. Qb7 Qxb7 27. Bxb7 Rd7 28. Bc6 Rc7 29. d5 e6 30. e4 Kf8 31. a4 Ke7 32. Rd1 exd5 33. exd5 Kd6 34. Re1 Re7 35. Rxe7 Kxe7 36. Kg2 Kd6 37. Kf3 Bd4 38. Ke2 1/2-1/2

[Event "Saratov RCT"]
[Site "Saratov"]
[Date "2009.10.05"]
[Round "1"]
[White "Kahramanov, Bahtijar"]
[Black "Braun, Elina"]
[Result "0-1"]
[WhiteElo "2006"]
[BlackElo "1885"]
[PlyCount "90"]
[EventDate "2009.10.05"]
[EventType "tourn"]
[EventRounds "13"]
[EventCountry "RUS"]
[SourceTitle "EXT 2012"]
[Source "ChessBase"]
[SourceDate "2011.11.24"]
[SourceVersion "1"]
[SourceVersionDate "2011.11.24"]
[SourceQuality "1"]

1. e4 c5 2. Nf3 Nc6 3. Nc3 d6 4. d4 cxd4 5. Nxd4 Nf6 6. Bg5 Bd7 7. f4 Rc8 8. Qd2 a6 9. 0-0-0 e5 10. Nxc6 Bxc6 11. fxe5 dxe5 12. Qf2 Qe7 13. Qh4 b5 14. Bd3 Qe6 15. Bxf6 Qxf6 16. Qxf6 gxf6 17. Rhf1 Be7 18. a4 b4 19. Bxa6 Ra8 20. Bb5 Bxb5 21. Nxb5 Rxa4 22. b3 Ra1+ 23. Kb2 Rxd1 24. Rxd1 0-0 25. Rd5 Kg7 26. Na7 Re8 27. Nc6 Bf8 28. Rb5 f5 29. Nxb4 fxe4 30. Nd5 f5 31. c4 f4 32. c5 Rc8 33. b4 f3 34. g3 Rd8 35. c6 Rc8 36. Rb6 Kf7 37. Kc2 Ke6 38. Ne3 Kd6 39. Kd1 Rxc6 40. Nc4+ Kc7 41. Rxc6+ Kxc6 42. Nxe5+ Kd5 43. Ng4 Bxb4 44. Nf6+ Kd4 45. Ng4 e3 0-1

[Event "Saratov RCTSGSEU"]
[Site "Saratov"]
[Date "2009.09.26"]
[Round "9"]
[White "Kahramanov, Bahtijar"]
[Black "Eramian, Gamlet"]
[Result "0-1"]
[WhiteElo "2006"]
[BlackElo "1969"]
[PlyCount "64"]
[EventDate "2009.09.17"]
[EventType "swiss"]
[EventRounds "9"]
[EventCountry "RUS"]
[SourceTitle "EXT 2012"]
[Source "ChessBase"]
[SourceDate "2011.11.24"]
[SourceVersion "1"]
[SourceVersionDate "2011.11.24"]
[SourceQuality "1"]

1. e4 c5 2. Nf3 g6 3. d4 cxd4 4. Nxd4 Bg7 5. Nc3 Nc6 6. Be3 d6 7. f3 Nf6 8. Bc4 0-0 9. Qd2 Bd7 10. 0-0-0 Rc8 11. Bb3 Ne5 12. g4 b5 13. h4 h5 14. Bh6 b4 15. Nd5 Nxd5 16. exd5 a5 17. Bxg7 Kxg7 18. gxh5 a4 19. Qxb4 axb3 20. Qxb3 Rb8 21. Qc3 Qb6 22. b3 Rfc8 23. Qe3 Qa5 24. f4 Qa3+ 25. Kd2 Ng4 26. Qf3 Qb2 27. Nc6 Bf5 28. Rc1 Rxc6 29. dxc6 Qd4+ 30. Ke2 e5 31. Rhd1 Qc5 32. Rd5 e4 0-1

[Event "Saratov RCTSGSEU"]
[Site "Saratov"]
[Date "2009.09.23"]
[Round "6"]
[White "Kahramanov, Bahtijar"]
[Black "Nikolaev, Alexander"]
[Result "1/2-1/2"]
[WhiteElo "2006"]
[BlackElo "2119"]
[PlyCount "97"]
[EventDate "2009.09.17"]
[EventType "swiss"]
[EventRounds "9"]
[EventCountry "RUS"]
[SourceTitle "EXT 2012"]
[Source "ChessBase"]
[SourceDate "2011.11.24"]
[SourceVersion "1"]
[SourceVersionDate "2011.11.24"]
[SourceQuality "1"]

1. e4 e6 2. d4 d5 3. Nc3 Bb4 4. e5 c5 5. Qg4 Ne7 6. dxc5 Bxc3+ 7. bxc3 Kf8 8. Nf3 Nbc6 9. Bd3 Ng6 10. Qg3 Qc7 11. Kd1 Bd7 12. Re1 Nce7 13. h4 h5 14. Be3 Kg8 15. Bd4 Qa5 16. Ng5 Rh6 17. Nh3 Bb5 18. Rb1 Bxd3 19. Qxd3 Rb8 20. g3 Qxa2 21. Kd2 Nc6 22. Ra1 Qc4 23. Qxc4 dxc4 24. Ra4 Rd8 25. Kc1 Nge7 26. Rxc4 Nf5 27. Rd1 Kf8 28. Ng5 Ke7 29. Ne4 Rd7 30. Nd6 Rh8 31. Kd2 f6 32. exf6+ gxf6 33. Nxf5+ exf5 34. Ke2 Kf7 35. Rb1 Re8+ 36. Kf1 f4 37. Ra4 a6 38. Ra2 f3 39. Rab2 Ree7 40. Rb6 Kg6 41. Re1 Rxe1+ 42. Kxe1 Nxd4 43. cxd4 Rxd4 44. Rxb7 Rc4 45. Ra7 Re4+ 46. Kd2 Re2+ 47. Kd3 Rxf2 48. Ke3 Rxc2 49. Kxf3 1/2-1/2